Les Charles célèbres par images - Statistiques

Statistiques générales
  • Ce quiz a été pris 218 fois
    171 depuis la dernière actualisation
  • Le résultat moyen est 6 sur 20
Statistiques - réponses
Par images Réponse % Correct
Charles de Gaulle
99%
Charles Aznavour
97%
Charles III
73%
Charles Darwin
67%
Charles Leclerc
56%
Charles Baudelaire
52%
Charles Trenet
50%
Charles Bronson
31%
Charles X
30%
Charles Berling
20%
Charles Dickens
19%
Charles Barkley
11%
Charles Perrault
9%
Charles Martel
8%
Charles Villeneuve
7%
Charles Garnier
3%
Charles Boyer
2%
Charles Laughton
2%
Charles Grodin
1%
Charles Rolls
1%
Aucun quiz correspondant
Distribution des résultats
% des personnes avec chaque résultat
Percentile par nombre de réponses
Votre historique - résultats
Vous n’avez pas pris ce quiz depuis la dernière actualisation